000 00897cab a2200277 4500
001 WB3005-58
008 090401t1994 xxu||||| |||| 00| 0 eng d
035 _a(Sirsi) u62387
041 _aeng
245 _aProportionality in rates default sentence
260 _c1994
350 _a0
490 _aTimes
_v28 January 1994, 34(1)
520 _a"R v Highbury Corner Justices, ex parte Uchendu" QBD 12 January 1994. Concerned the sentence for the non-payment of non-domestic rates; the sentence should be in proportion to the seriousness of the case.
650 _aNON-DOMESTIC RATES
650 _aNON-DOMESTIC RATING (COLLECTION AND ENFORCEMENT) (LOCAL LISTS)
650 _aPAYMENT
650 _aRATES
650 _aSENTENCE
650 _aSI 1989:1058
650 _aSI 1992:474
650 _aSI 1993:616
690 _aRATING AND VALUATION
942 _n0
948 _c04/03/1997
999 _c38779
_d38779